Mies and modern living / (Record no. 353875)

000 -LEADER
fixed length control field 02246nam a2200253 a 4500
001 - CONTROL NUMBER
control field ASIN3775722211
003 - CONTROL NUMBER IDENTIFIER
control field OSt
005 - DATE AND TIME OF LATEST TRANSACTION
control field 20180116192420.0
008 - FIXED-LENGTH DATA ELEMENTS--GENERAL INFORMATION
fixed length control field 140128s2009 xxu eng d
020 ## - INTERNATIONAL STANDARD BOOK NUMBER
International Standard Book Number 3775722211 (hardcover)
Terms of availability $75.00
020 ## - INTERNATIONAL STANDARD BOOK NUMBER
International Standard Book Number 9783775722216 (hardcover)
040 ## - CATALOGING SOURCE
Transcribing agency sada
082 ## - DEWEY DECIMAL CLASSIFICATION NUMBER
Classification number 720.92
245 10 - TITLE STATEMENT
Title Mies and modern living /
Statement of responsibility, etc. edited by Helmut Reuter, Birgit Schulte, Mies van der Rohe.
250 ## - EDITION STATEMENT
Edition statement 0th ed.
260 ## - PUBLICATION, DISTRIBUTION, ETC.
Place of publication, distribution, etc. [S.l.] :
Name of publisher, distributor, etc. Hatje Cantz,
Date of publication, distribution, etc. 2009.
300 ## - PHYSICAL DESCRIPTION
Extent 288 p. ;
Dimensions 29 cm.
520 ## - SUMMARY, ETC.
Summary, etc. In 1929 Barcelona was host to the World Arts Fair, an international architecture and design exposition attended by members of the Spanish royalty and many senior European government officials. It was an occasion for cultural grandstanding, an opportunity for countries to parade their native talent. So when the German government approached Ludwig Mies van der Rohe (1886-1969) to design a pavilion, he was left in no doubt as to their expectations--and he met them, erecting an ultra-modern creation in glass, steel and four types of marble. Once he had accomplished this, Mies then set about designing furniture for his building--something none of his competitors appear to have thought of. Thus was born the iconic Barcelona chair, an ingenious blend of clean Modernist steel tubing and comfort-appeal cushioning. Gathering the proceedings of a 2007 symposium on van der Rohe, this publication takes the Barcelona chair as a starting point to address his progressive ideas on interior space and continuities between architecture and furniture design. Experts trace the highlights of Mies' career and flesh out a context for his innovations in the ferment of 1920s and 1930s Berlin. Also included is a series of previously unpublished photographs of Mies' work. Author of the proto-Minimalist aphorism, "less is more," Ludwig Mies van der Rohe is not only one of the twentieth century's greatest architects, but the creator of numerous milestones in the history of design.
700 1# - ADDED ENTRY--PERSONAL NAME
Personal name Reuter, Helmut.
9 (RLIN) 7248
700 1# - ADDED ENTRY--PERSONAL NAME
Personal name Schulte, Birgit.
9 (RLIN) 7249
700 1# - ADDED ENTRY--PERSONAL NAME
Personal name Rohe, Mies van der.
9 (RLIN) 7250
856 40 - ELECTRONIC LOCATION AND ACCESS
Materials specified Amazon.com
Uniform Resource Identifier <a href="http://www.amazon.com/exec/obidos/ASIN/3775722211/chopaconline-20">http://www.amazon.com/exec/obidos/ASIN/3775722211/chopaconline-20</a>
942 ## - ADDED ENTRY ELEMENTS (KOHA)
Source of classification or shelving scheme
Koha item type Book
Holdings
Withdrawn status Lost status Source of classification or shelving scheme Damaged status Not for loan Permanent Location Current Location Date acquired Total Checkouts Total Renewals Full call number Barcode Date last seen Date last checked out Cost, replacement price Price effective from Koha item type
          School of Art Design and Architecture (SADA) School of Art Design and Architecture (SADA) 01/23/2014 3 1 720.92 MIE 2009 SADA0002210 05/25/2015 05/11/2015 8152.06 01/28/2014 Book
© 2023 Central Library, National University of Sciences and Technology. All Rights Reserved.